|
|
|
|
| LEADER |
00857nta a2200193 i 4500 |
| 001 |
dipl106447 |
| 005 |
20210212091731.0 |
| 008 |
210212s2013 hu om 0|| zxx d |
| 040 |
|
|
|a SZTE Diploma Repozitórium
|b hun
|
| 041 |
|
|
|a zxx
|
| 100 |
1 |
|
|a Barabás Barbara
|
| 245 |
1 |
2 |
|a A magyar fesztiválrendszer. A fesztiválok ismertsége és látogatottsága a 17-27 éves fiatalok körében Szegeden
|h [elektronikus dokumentum] /
|c Barbara Barabás
|
| 246 |
1 |
0 |
|a The Hungarian festival system. The festivals' reputation and the extent of attendance amongst the 17-27 years old population in Szeged.
|h [elektronikus dokumentum]
|
| 260 |
|
|
|c 2013
|
| 650 |
|
4 |
|a Pedagógusképzés
|
| 650 |
|
4 |
|a Social sciences
|
| 650 |
|
4 |
|a Sociology
|
| 700 |
1 |
|
|a Bozsó Renáta
|e ths
|
| 856 |
4 |
0 |
|u http://diploma.bibl.u-szeged.hu/id/eprint/106447/1/2013_barabas_barbara.pdf
|z Dokumentum-elérés
|